| 000 | 00523cam a2200145 4500500 | ||
|---|---|---|---|
| 005 | 20260329002005.0 | ||
| 041 | _afre | ||
| 042 | _adc | ||
| 100 | 1 | 0 |
_aChapuis, Émilie _eauthor |
| 245 | 0 | 0 | _aAlain Ehrenberg: « Les conflits sociaux sont formulés dans le langage de la santé mentale » |
| 260 | _c2010. | ||
| 500 | _a32 | ||
| 786 | 0 | _nPhilosophie magazine | 37 | 3 | 2010-03-01 | p. 7-7 | 1951-1787 | |
| 856 | 4 | 1 | _uhttps://shs.cairn.info/magazine-philosophie-magazine-2010-3-page-7?lang=fr&redirect-ssocas=7080 |
| 999 |
_c1810587 _d1810587 |
||